|
|
|
|
| LEADER |
00000nam0a2200000 4500 |
| 001 |
178899 |
| 005 |
20231101223433.0 |
| 035 |
|
|
|a (RuTPU)RU\TPU\book\193919
|
| 090 |
|
|
|a 178899
|
| 100 |
|
|
|a 20100412d1966 km y0rusy50 ca
|
| 101 |
0 |
|
|a rus
|
| 102 |
|
|
|a RU
|
| 105 |
|
|
|a a z 001zy
|
| 200 |
1 |
|
|a Ускоренные методы коррозионных испытаний металлов (теория и практика)
|f И. Л. Розенфельд, К. А. Жигалова
|
| 210 |
|
|
|a Москва
|c Металлургия
|d 1966
|
| 215 |
|
|
|a 347 с.
|c ил.
|
| 320 |
|
|
|a Библиография в конце разделов.
|
| 606 |
1 |
|
|a Металлы
|x Коррозионные испытания
|2 stltpush
|3 (RuTPU)RU\TPU\subj\43263
|9 62812
|
| 610 |
1 |
|
|a металловедение
|
| 610 |
1 |
|
|a коррозионные испытания
|
| 610 |
1 |
|
|a теория
|
| 610 |
1 |
|
|a практика
|
| 610 |
1 |
|
|a коррозия
|
| 610 |
1 |
|
|a коррозионная стойкость
|
| 610 |
1 |
|
|a оценка
|
| 610 |
1 |
|
|a защитные средства
|
| 610 |
1 |
|
|a эффективность
|
| 675 |
|
|
|a 669:620.193
|v 3
|
| 700 |
|
1 |
|a Розенфельд
|b И. Л.
|g Иосиф Львович
|
| 701 |
|
1 |
|a Жигалова
|b К. А.
|g Кира Александровна
|
| 801 |
|
1 |
|a RU
|b 63413507
|c 20100412
|
| 801 |
|
2 |
|a RU
|b 63413507
|c 20190122
|g RCR
|
| 942 |
|
|
|c BK
|